JENNIE (BlackPink) - Une lettre, une chanson - Statistiques

Statistiques générales
  • Ce quiz a été pris 12 fois
  • Le résultat moyen est 9 sur 12
Statistiques - réponses
Lettres Chansons % Correct
L like JENNIE / Love Hangover
90%
M Mantra
90%
S Seoul City / SOLO / Starlight / start a war
90%
Y You & Me
90%
J Intro: JANE
80%
Z ZEN
80%
E ExtraL
60%
H Handlebars
60%
T twin
60%
D Damn Right
50%
F Filter / F.T.S.
50%
W with the IE (way up)
50%
Aucun quiz correspondant
Distribution des résultats
% des personnes avec chaque résultat
Percentile par nombre de réponses
Votre historique - résultats
Vous n’avez pas pris ce quiz